|
|
|
|
| LEADER |
00000nam0a2200000 4500 |
| 001 |
228212 |
| 005 |
20231101230846.0 |
| 035 |
|
|
|a (RuTPU)RU\TPU\book\248666
|
| 090 |
|
|
|a 228212
|
| 100 |
|
|
|a 20121217d1975 km y0rusy50 ca
|
| 101 |
0 |
|
|a rus
|
| 102 |
|
|
|a RU
|
| 105 |
|
|
|a a z 001zy
|
| 200 |
0 |
|
|a Кн. 2: Научная мысль как планетарное явление
|
| 210 |
|
|
|d 1977
|
| 215 |
|
|
|a 192 с.
|c ил.
|
| 320 |
|
|
|a Библиография в комментариях: с. 153-162.
|
| 320 |
|
|
|a Именной и предметный указатель: с. 181-189.
|
| 461 |
|
|
|t Размышления натуралиста
|o в 2 кн.
|f В. И. Вернадский
|g Академия наук СССР (АН СССР), Институт истории естествознания и техники (ИИЕТ АН СССР)
|v Кн. 2: Научная мысль как планетарное явление
|d 1975-1977
|
| 606 |
1 |
|
|a Естествознание
|2 stltpush
|3 (RuTPU)RU\TPU\subj\68178
|9 83661
|
| 610 |
1 |
|
|a научная мысль
|
| 610 |
1 |
|
|a биосфера
|
| 610 |
1 |
|
|a ноосфера
|
| 610 |
1 |
|
|a наука
|
| 610 |
1 |
|
|a научная истина
|
| 610 |
1 |
|
|a биогеохимия
|
| 675 |
|
|
|a 50
|v 3
|
| 801 |
|
1 |
|a RU
|b 63413507
|c 20121217
|
| 801 |
|
2 |
|a RU
|b 63413507
|c 20171225
|g RCR
|
| 942 |
|
|
|c BK
|